Statistiques concernant Culture Générale - Série 2266

Cliquez ici pour prendre le quiz!

Statistiques générales

  • Ce quiz a été pris 65 fois
  • Le résultat moyen est 3 sur 10

Statistiques - réponses

QuestionRéponse% Correct
De quel roi Hercule (Héraclès) a-t-il nettoyé les écuries lors du 5° de ses 12 travaux ?Augias
75%
De quelle mer le Dodécanèse est-il un archipel regroupant plus de 160 îles et îlots, pour la plupart inhabités ?égée
68%
Comment s'appelle le tableau peint par Millet représenté en miniature ?L'Angélus
37%
Quel était le prénom du peintre Millet (1814-1875) ?Jean-François
32%
Camp allemand de prisonniers destiné aux soldats et sous-officiers, pendant la Seconde Guerre mondialestalag
32%
Quel animal est le caret ?tortue
22%
Sous quel prénom et nom connaissait-on mieux le chanteur français François Silly (1927-2001) ?Gilbert Bécaud
13%
Dans quelle ville est né ce chanteur ?Toulon
11%
Récipient en forme de coupe peu profonde où les mendiants recueillaient les aumônes.sébile
10%
Camp allemand de prisonniers officiers, pendant la Seconde Guerre mondialeoflag
3%

Distribution des résultats

Percentile par nombre de réponses

% des personnes avec chaque résultat

Votre développement - résultats

Vous n’avez pas pris ce quiz